TALİHSİZ SER 9 KARNAVAL UCUBELERİ SC (Record no. 658491)

MARC details
000 -LEADER
sabit uzunluktaki kontrol alanı 00260nam a2200097Ia 4500
001 - KONTROL NUMARASI
kontrol alanı 658491
005 - EN SON İŞLEMİN TARİH VE ZAMANI
kontrol alanı 20250826154636.0
008 - SABİT-UZUNLUKTA VERİ ÖĞELERİ--GENEL BİLGİ
sabit uzunluktaki kontrol alanı 250824s9999 xx 000 0 und d
245 #0 - ESER / YAZAR
ESER ADI TALİHSİZ SER 9 KARNAVAL UCUBELERİ SC
Yazar Adı LEMONY SNICKET
260 ## - YAYIN, DAĞITIM, VB.
YAYIN EVİ DOĞAN EGMONT
Holdings
Düşüm durumu Kayıp durumu Hasar Durumu Ödünç verilmez Ana kütüphane Geçerli Kütüphane Edinilen tarih Toplam ödünç verme sayısı Barkod Son görüntüleme tarihi Fiyatın geçerli olmaya başladığı tarih Koha materyal türü
        REBİİ KARATEKİN ORTAOKULU REBİİ KARATEKİN ORTAOKULU 24.08.2025   1011774 26.08.2025 26.08.2025 Books